[Event "Caorle op-B"]
[Site "Caorle"]
[Date "1991.07.11"]
[Round "6.23"]
[White "Boes, Robert"]
[Black "Fontanesi, Riccardo"]
[Result "1-0"]
[WhiteElo "2000"]
[BlackElo "1800"]
[PlyCount "45"]
[EventDate "1991.07.05"]
[EventType "swiss"]
[EventRounds "8"]
[EventCountry "ITA"]
[SourceTitle "EXT 2023"]
[Source "ChessBase"]
[SourceDate "2022.10.05"]
[SourceVersion "1"]
[SourceVersionDate "2022.10.05"]
[SourceQuality "1"]

1. e4 Nf6 2. e5 Nd5 3. d4 d6 4. c4 Nb6 5. exd6 cxd6 6. Nc3 g6 7. Be3 Bg7 8. Qd2 Nc6 9. Be2 0-0 10. h4 h5 11. f3 d5 12. cxd5 Nxd5 13. Bh6 Bxh6 14. Qxh6 Nxd4 15. 0-0-0 Qc7 16. Rxd4 Nxc3 17. Bc4 Bf5 18. bxc3 b5 19. Nh3 Qa5 20. Kd2 Rfd8 21. Ng5 Rxd4+ 22. Ke2 Bd3+ 23. Kf2 1-0

[Event "Caorle op-B"]
[Site "Caorle"]
[Date "1991.07.09"]
[Round "4.32"]
[White "Niederstatter, Harald"]
[Black "Fontanesi, Riccardo"]
[Result "1/2-1/2"]
[WhiteElo "1827"]
[BlackElo "1800"]
[PlyCount "31"]
[EventDate "1991.07.05"]
[EventType "swiss"]
[EventRounds "8"]
[EventCountry "ITA"]
[SourceTitle "EXT 2023"]
[Source "ChessBase"]
[SourceDate "2022.10.05"]
[SourceVersion "1"]
[SourceVersionDate "2022.10.05"]
[SourceQuality "1"]

1. Nf3 Nf6 2. c4 c5 3. d4 cxd4 4. Nxd4 Nc6 5. g3 g6 6. Bg2 Bg7 7. 0-0 0-0 8. Nc3 Ng4 9. e3 Nge5 10. b3 d6 11. h3 Nxd4 12. exd4 Nc6 13. Be3 Bd7 14. Qd2 Rc8 15. Rac1 Qa5 16. Rfd1 1/2-1/2